Die größten Städte mit U - Statistiken

Allgemein
  • Dieses Quiz wurde 90 mal gespielt
  • Das Durchschnittsergebnis liegt bei 4 aus 16
Antwortstatistiken
Einwohner Stadt Land % Korrekt
850.000 Ulaanbaatar Mongolei
95%
290.000 Utrecht Niederlande
83%
360.000 Ulan-Ude Russland
71%
1.000.000 Ufa Russland
60%
3.000.000 Ürümqi China
34%
960.000 Ulsan Südkorea
26%
435.000 Uyo Nigeria
17%
560.000 Uberlândia Brasilien
14%
640.000 Uljanowsk Russland
12%
460.000 Ujjain Indien
9%
450.000 Utsunomiya Japan
9%
265.000 Uruapan Mexiko
8%
420.000 Udaipur Indien
6%
275.000 Umuahia Nigeria
2%
480.000 Uijeongbu Südkorea
0%
520.000 Ulhasnagar Indien
0%
Keine übereinstimmenden Quizze gefunden
Verteilung der Resultate
Anzahl Personen mit jedem Resultat
Perzentil nach korrekt beantworteten Fragen
Ihre Resultats-Entwicklung
Sie haben dieses Quiz noch nicht gespielt